| 000 | 00902nam a22003017a 4500 | ||
|---|---|---|---|
| 001 | 8356 | ||
| 003 | FISKH | ||
| 005 | 20250910090154.0 | ||
| 008 | 250910b cb ||||| |||| 00| 0 eng d | ||
| 020 | _a0786804300 | ||
| 040 |
_aFISKH _beng _cFISKH _dFISKH |
||
| 050 | _aPZ8 .M85 | ||
| 082 | _a398.8 | ||
| 100 | _aMcMullan, Kate | ||
| 245 |
_aBaby goose / _cBy Kate McMullan : Pictures by Pascal Lemaitre |
||
| 250 | _aFIRST EDITION | ||
| 260 |
_aNew York : _bHyperion Books For Children , _c2004. |
||
| 300 |
_a33 pages : _bcolor illustrations ; _c23 cm . |
||
| 505 | _aJ | ||
| 520 | _aA collection of nursery rhymes for babies. | ||
| 521 | 8 |
_a500
_bLexile estimate |
|
| 521 | 8 |
_aJ
_bRaz-Plus |
|
| 650 |
_aMother Goose _vChildren's Books |
||
| 651 |
_aNursery rhymes _vChildren's Books |
||
| 700 |
_aLemaitre, Pascal _eIllustrator |
||
| 942 |
_2ddc _cBK _n0 |
||
| 999 |
_c8356 _d8356 |
||